Predicasts příručka pro uživatele

Guardado en:
Detalles Bibliográficos
Autor principal: Babka, Michael
Formato: Libro
Lenguaje:checo
Publicado: Praha Ústředí vědeckých, technických a ekonomických informací 1986
Etiquetas: Agregar Etiqueta
Sin Etiquetas, Sea el primero en etiquetar este registro!

MARC

LEADER 00000nam a2200000 4500
001 c103343
005 20251204121309.7
041 0 |a cze 
044 |a CZ 
245 1 0 |a Predicasts  |b příručka pro uživatele  |c Michael Babka 
264 1 |a Praha  |b Ústředí vědeckých, technických a ekonomických informací  |c 1986 
300 |a 83 s. 
100 1 |a Babka, Michael